Sheffield Wednesday Squad 19/20 - Statistics

General Stats
  • This quiz has been taken 56 times
  • The average score is 12 of 27
Answer Stats
Number Player % Correct
10 Barry Bannan
84%
2 Liam Palmer
78%
15 (C) Tom Lees
78%
45 Fernando Forestieri
73%
25 Cameron Dawson
71%
9 Steven Fletcher
69%
1 Kieran Westwood
67%
20 Adam Reach
56%
28 Joe Wildsmith
56%
23 Sam Hutchinson
56%
3 Morgan Fox
51%
17 Atdhe Nuhiu
44%
27 Dominic Iorfa
42%
6 Jordan Rhodes
42%
5 Kieran Lee
42%
7 Kadeem Harris
38%
11 Sam Winnall
31%
14 Jacob Murphy
29%
21 Massimo Luongo
29%
13 Julian Borner
27%
43 Alex Hunt
24%
22 Moses Odubajo
24%
8 Joey Pelupessy
22%
26 David Bates
11%
44 Osaze Urhoghide
11%
36 Paul Jones
2%
24 Preslav Borukov
2%
No matching quizzes found
Score Distribution
Percent of People with Each Score
Percentile by Number Answered
Your Score History
You have not taken this quiz